000 00384nam a2200145Ia 4500
008 211109s9999||||xx |||||||||||||| ||und||
082 _a820.9
_bSAI-H
100 _aSaintsbury, George
245 0 _aHistory of English Criticism
260 _bWilliam Heinemann Ltd
_aLondon
_c1911
300 _a551p.
630 _xGeneral Stack
650 _aEnglish Literature
_xEnglish
942 _cBOOK
999 _c3583
_d3583